Piłkarze Aston Villa - nagła śmierć - Statystyki

Ogólne statystyki
  • Ten quiz został rozwiązany 201 razy
  • Średni wynik to 10 z 17
Answers on the Grid
Answers color-coded by a green-red scale on the quiz's grid according to % correct below.
Matty Cash
Łukasz Fabiański
Jan Bednarek
Kamil Glik
Bruno Fernandes
Jack Grealish
Philippe Coutinho
Marco Asensio
John Terry
Alexandre Lacazette
Hakim Ziyech
Marcus Rashford
Emiliano Martínez
Aymeric Laporte
Leon Bailey
Frenkie de Jong
George Best
Robert Pirès
Bernardo Silva
Edinson Cavani
Pavel Nedvěd
Kyle Walker
Dani Carvajal
Axel Witsel
Ollie Watkins
Niklas Süle
Clément Lenglet
Alex Sandro
Nicolò Zaniolo
Éric Cantona
Karim Benzema
Milan Baros
Christian Eriksen
Ashley Young
James Milner
Dani Parejo
 
Statystyki odpowiedzi
Odpowiedź % Poprawnych
Matty Cash
96%
Jack Grealish
88%
Emiliano Martínez
81%
Leon Bailey
79%
Marco Asensio
76%
Marcus Rashford
76%
Ollie Watkins
76%
Philippe Coutinho
76%
Ashley Young
63%
Jan Bednarek
63%
Nicolò Zaniolo
52%
James Milner
48%
Clément Lenglet
45%
John Terry
43%
Milan Baros
27%
Kyle Walker
24%
Robert Pirès
20%
Nie znaleziono quizów pasujących do podanych kryteriów
Rozkład punktacji
Procent ludzi z każdym wynikiem
Percentyl według liczby udzielonych odpowiedzi
Twoja historia wyników
Nie rozwiązałeś tego quizu